书目信息 |
| 题名: |
汉英 英汉双向医学词典
|
|
| 作者: | 陈国治 主编 | |
| 分册: | ||
| 出版信息: | 上海 上海科学技术文献出版社 2004.01 |
|
| 页数: | 800页 | |
| 开本: | 15cm | |
| 丛书名: | ||
| 单 册: | ||
| 中图分类: | R-61 | |
| 科图分类: | ||
| 主题词: | 医药学 | |
| 电子资源: | ||
| ISBN: | 7-5439-2197-9 | |
| 000 | 00579nam0 2200193 45 | |
| 001 | 0460784758 | |
| 005 | 2004060916530476 | |
| 010 | @a7-5439-2197-9@dCNY 28.00 | |
| 100 | @a20040609d2004 km y0chiy0120 ea | |
| 101 | 0 | @achi |
| 102 | @aCN@b310000 | |
| 200 | 1 | @a汉英 英汉双向医学词典@Ahan ying ying han shuang xiang yi xue ci dian@f陈国治主编@Fchen guo zhi zhu bian |
| 210 | @a上海@c上海科学技术文献出版社@d2004.01 | |
| 215 | @a800页@d15cm | |
| 606 | 0 | @a医药学 |
| 690 | 1 | @aR-61@v4 |
| 701 | 0 | @a陈国治@Achen guo zhi@4主编 |
| 801 | 0 | @aCN@bPFT@c20040609 |
| 905 | @a10447@dR-61@eC420 | |
| 汉英 英汉双向医学词典/陈国治主编.-上海:上海科学技术文献出版社,2004.01 |
| 800页;15cm |
| ISBN 7-5439-2197-9:CNY 28.00 |
| ● |
| 相关链接 |
|
|
|
正题名:汉英 英汉双向医学词典
索取号:R-61/C420
 
预约/预借
| 序号 | 登录号 | 条形码 | 馆藏地/架位号 | 状态 | 备注 |
| 1 | 379478 | 203794787 | 自科库401/401自科库 103排2列1层/ [索取号:R-61/C420] | 在馆 | |
| 2 | 379479 | 203794796 | 自科库401/401自科库 103排2列1层/ [索取号:R-61/C420] | 在馆 |